MARC

LEADER 00000nam0a2200000 4500
001 370214
005 20231102012247.0
035 |a (RuTPU)RU\TPU\retro\27622 
090 |a 370214 
100 |a 20220622d1978 m y0rusy50 ca 
101 0 |a rus 
102 |a RU 
105 |a a j 000zy 
200 1 |a Автоматизация тепловых процессов  |e учебное пособие  |f Ю. П. Иванов  |g Северо-Западный заочный политехнический институт 
210 |a Ленинград  |c Изд-во СЗПИ  |d 1978 
215 |a 80 с.  |c ил. 
606 1 |a Теплоэнергетика  |x Автоматизация  |2 stltpush  |3 (RuTPU)RU\TPU\subj\68107  |9 83637 
610 1 |a автоматические системы регулирования 
610 1 |a тепловые объекты 
610 1 |a автоматическое регулирование 
610 1 |a линейная теория 
610 1 |a законы 
610 1 |a автоматические регуляторы 
610 1 |a передаточные функции 
610 1 |a устойчивость 
610 1 |a переходные процессы 
610 1 |a качество 
610 1 |a учебные пособия 
675 |a 621.1-5(075.8)  |v 4 
700 1 |a Иванов  |b Ю. П.  |g Юрий Павлович 
712 0 2 |a Северо-Западный заочный политехнический институт  |c (Ленинград)  |2 stltpush  |3 (RuTPU)RU\TPU\col\2602  |9 23712 
801 1 |a RU  |b 63413507  |c 20220622 
801 2 |a RU  |b 63413507  |c 20220622  |g RCR 
942 |c BK